00278 a2200121 4500001000700000020001500007040003500022100002100057240003200078245002700110300001000137362000900147156958 a8532248764 cEscola São Tomás de Aquino aCARRASCO, Walcyr10aO mistério da gruta lpor10aO mistério da gruta  a56 p.0 a2002